Etnia y lucha de clases en Guatemala: aspectos
Guardat en:
| Autor principal: | |
|---|---|
| Format: | Text |
| Publicat: |
Managua :
|
| Etiquetes: |
Afegir etiqueta
Sense etiquetes, Sigues el primer a etiquetar aquest registre!
|
MARC
| LEADER | 00000 a a2200000 04500 | ||
|---|---|---|---|
| 001 | 14202 | ||
| 003 | |||
| 040 | |||
| 090 | |a 027200 | ||
| 100 | |a Reyes, Miguel Angel | ||
| 245 | |a Etnia y lucha de clases en Guatemala: aspectos | ||
| 260 | |a Managua : | ||
| 300 | |a 43 p. | ||
| 999 | |c 15561 |d 15561 | ||
